02594nam a2200325 a 4500008004100000020001800041050001500059100001900074245012400093250001200217260003600229300002100265350001100286650002200297650001500319650002500334995018600359995017400545995016900719995018000888995018201068995018001250999001701430952014501447952013701592952012001729952013701849952013301986952014902119150205s2013 ||||||||||||||||| || u a9780808924449 aQM 601 Moo aMoore, Keith L14aThe developing human: clinically oriented embryology. (9th ed.)cBy Keith L. Moore , T.V.N. Persaud and Mark G. Torchia a9th ed. aCanadabElsevier Saundersc2013 axix, 540p.: ill. a106.88 aEMBRYOLOGY, HUMAN aEMBRYOLOGY aABNORMALITIES, HUMAN aMICHAEL CHILUFYA SATA OPEN ACCESSe902543FCBU-SCHOOL OF MEDICINE LIBRARY (Ndola)I106.88jQM 601.M76 MooM4UAVAILABLEWFeb 10, 2015y902543ZMedical Library Open Access Collection aMEDICAL LIBRARY OPEN ACCESSe902540FCBU-SCHOOL OF MEDICINE LIBRARY (Ndola)I106.88jQM 601.M76 MooM1UOUTWFeb 10, 2015y902540ZMedical Library Open Access Collection aSHORT LOAN BOOKSe902541FCBU-SCHOOL OF MEDICINE LIBRARY (Ndola)I106.88jQM 601.M76 MooM2UAVAILABLEWFeb 10, 2015y902541ZMedical Library Open Access Collection aMEDICAL LIBRARY OPEN ACCESSe902544FCBU-SCHOOL OF MEDICINE LIBRARY (Ndola)I106.88jQM 601.M76 MooM5UAVAILABLEWFeb 10, 2015y902544ZMedical Library Open Access Collection aMICHAEL CHILUFYA SATA OPEN ACCESSe902915FCBU-SCHOOL OF MEDICINE LIBRARY (Ndola)I106.88jQM 601 MooM6UAVAILABLEWMar 16, 2015y902915ZMedical Library Open Access Collection aMEDICAL LIBRARY OPEN ACCESSe902542FCBU-SCHOOL OF MEDICINE LIBRARY (Ndola)I106.88jQM 601.M76 MooM3UAVAILABLEWFeb 10, 2015y902542ZMedical Library Open Access Collection c63787d63787 00102lcc4070a008b002cMCS Library Open Access Collectiond2023-02-01l3oQM 601 Moop902543r2024-10-23s2024-10-09t1w2023-02-01y002 00102lcc4070a002b002cMedical Library Open Access Collectiond2023-02-01l0oQM 601 Moop902540r2023-02-01t2w2023-02-01y002 00102lcc4070a002b002cShort Loan Collectiond2023-02-01l0oQM 601 Moop902541r2023-02-01t3w2023-02-01y015 00102lcc4070a002b002cMedical Library Open Access Collectiond2023-02-01l0oQM 601 Moop902544r2023-02-01t4w2023-02-01y002 00102lcc4070a008b008cMCS Library Open Access Collectiond2023-02-01l0oQM 601 Moop902915r2024-07-31t5w2023-02-01y002 00102lcc4070a002b002cMedical Library Open Access Collectiond2023-02-01l2oQM 601 Moop902542r2025-06-11s2025-05-27t6w2023-02-01y002